Statistics for Torchbearers of Libertarianism

Click here to take the quiz!

General Stats

  • This quiz has been taken 36 times
  • The average score is 8 of 16

Answer Stats

Answer % Correct
Margaret Thatcher
94%
Mohondas Gandhi
91%
Paul Ryan
79%
Ron Paul
76%
Milton Friedman
64%
Nigel Farage
64%
Ayn Rand
61%
Gary Johnson
61%
Oscar Wilde
52%
Leo Tolstoy
42%
Noam Chomsky
42%
David Davis
24%
Mike Lee
24%
Daniel Hannan
21%
Douglas Carswell
21%
Nicholas Sarwark
6%

Score Distribution

Percentile by Number Answered

Percent of People with Each Score

Your Score History

You have not taken this quiz